|
|
|
|
| LEADER |
00869nam a2200229 i 4500 |
| 001 |
acta45384 |
| 005 |
20210910142215.0 |
| 008 |
170126s1995 hu o 0|| hun d |
| 020 |
|
|
|a 963 482 028 X
|
| 022 |
|
|
|a 1215-2870
|
| 040 |
|
|
|a SZTE Egyetemi Kiadványok Repozitórium
|b hun
|
| 041 |
|
|
|a hun
|
| 245 |
0 |
0 |
|a Polgárosodásunk esélyei és akadályai
|h [elektronikus dokumentum]
|
| 260 |
|
|
|a JATE BTK, Gradus ad Parnassum
|b Szeged
|c 1995
|
| 300 |
|
|
|a 157 p.
|c 25 cm
|
| 490 |
0 |
|
|a Szegedi bölcsészfüzetek
|v 6
|
| 650 |
|
4 |
|a Társadalomtudományok
|
| 650 |
|
4 |
|a Szociológia
|
| 695 |
|
|
|a Értelmiség - Magyarország - 20. sz. - tanulmányok, Eszmetörténet - Európa - 20. sz. - tanulmányok, Kultúra - tanulmányok
|
| 700 |
0 |
1 |
|a Fejér Ádám
|
| 700 |
0 |
1 |
|a Kovács Imre Attila
|
| 856 |
4 |
0 |
|u http://acta.bibl.u-szeged.hu/45384/1/bolcseszfuzetek_1995.pdf
|z Dokumentum-elérés
|